| 000 | 00559nam a22001577a 4500 | ||
|---|---|---|---|
| 005 | 20120614150952.0 | ||
| 020 |
_a8174451153 _c00 |
||
| 035 | _aB-31064 | ||
| 037 |
_aDPL _bENG |
||
| 100 |
_aHeggade, Odeyar D _949088 |
||
| 245 |
_aHospital management / _cby Odeyar D Heggade |
||
| 260 |
_aNew Delhi _bMohit Publications _c2000 |
||
| 300 |
_aviii, 181p. _c20 cms. |
||
| 942 |
_2ddc _cEN _h362.12068 _mHEG |
||
| 999 |
_c67935 _d67935 |
||